00413nam a2200181Ia 4500008004100000020001400041245001600055245002500071245001800096260001500114260001600129260000900145300001500154300002500169300001000194500000800204999001900212170705s9999 xx 000 0 und d a590068393 aSmall pig : ban I can read book / cArnold Lobel. aNew York : bScholastic, c1969 a63 pages : bcolor illustration ; c22cm. a440 c336003d336003